| 000 | 00644nam a2200229 a 4500 | ||
|---|---|---|---|
| 001 | 65156 | ||
| 003 | BD-RjUL | ||
| 005 | 20211209081407.0 | ||
| 008 | 170228r19571901enk 001 0 eng d | ||
| 035 | _a(BD-RjUL)65286 | ||
| 040 |
_aBD-RjUL _beng _cBD-RjUL _dBD-RjUL |
||
| 041 | _aeng | ||
| 082 |
_223 _a821.1 _bENG 1957 |
||
| 245 | 1 | 4 |
_aThe English works of John Gower / _cedited by G.C. Macaulay |
| 260 |
_aLondon : _bOxford University Press, _c1901 [Reprinted 1957]. |
||
| 300 |
_aV. ; _c24 cm. |
||
| 500 | _aInclude index. | ||
| 505 | _aV-2-- | ||
| 650 |
_aEnglish Poetry _9179095 |
||
| 700 | 1 |
_aMacaulay, G. C. _9192973 |
|
| 942 |
_2ddc _cBK |
||
| 999 |
_c65156 _d65156 |
||